000 00568nam a22001697a 4500
003 0
005 20230619083459.0
008 230619b xxu||||| |||| 00| 0 eng d
020 _a971-630-016-6
082 _aFil. 398.245
_b.V468 1993
245 _aThe carabao-turtle race and other classic Philippine animal folk tales
_cVentura, Sylvia Mendez
260 _aMakati City
_bTahanan Books for Young Readers
_cC1993
300 _a55pp.
_bill.
_c25cm.
500 _aFables, English-Philippines.
504 _aIncludes bibliographical references.
942 _2ddc
_cBK
999 _c364997
_d364997